Party games : manageable parties for twos tens

Bibliographic Details
Main Author: Adamson, Nicola
Other Authors: Lewis, Jan (illustrated)
Format: Book
Published: London : Juniper Books , 1992
Subjects:

MARC

LEADER 00000cam a2200000 7i4500
001 0000004019
002 000004327
005 20000330.0
020 |a 1872927017 
090 0 0 |a 793.21   |b ADA 
100 1 |a Adamson, Nicola 
245 1 0 |a Party games :   |b manageable parties for twos tens   |c Nicola Adamson ; illustrated by Jan Lewis 
260 |a London :   |b Juniper Books ,   |c 1992 
300 |a 120p. :   |b ill. ;   |c 26cm. 
650 0 0 |a Party decorations 
700 1 |a Lewis, Jan ,   |e illustrated 
999 |a 037250   |b BUKU   |c PINJAMAN   |e PERPUSTAKAAN KOMUNITI PETALING JAYA